Get it right; Write it tight: (Record no. 111363)
[ view plain ]
| 000 -LEADER | |
|---|---|
| fixed length control field | 00399cam a2200121 4500 |
| 008 - FIXED-LENGTH DATA ELEMENTS--GENERAL INFORMATION | |
| fixed length control field | 090216n 000 0 eng u |
| 035 ## - SYSTEM CONTROL NUMBER | |
| System control number | (Sirsi) a164127 |
| 050 ## - LIBRARY OF CONGRESS CALL NUMBER | |
| Classification number | PN 4731 YU 1981 |
| 100 ## - MAIN ENTRY--PERSONAL NAME | |
| Personal name | Yu, Frederick T.C. |
| 245 ## - TITLE STATEMENT | |
| Title | Get it right; Write it tight: |
| Remainder of title | the beginning journalist's handbook/ |
| Statement of responsibility, etc. | by Frederick T.C. Yu et'al |
| 260 ## - PUBLICATION, DISTRIBUTION, ETC. | |
| Place of publication, distribution, etc. | Honolulu: |
| Name of publisher, distributor, etc. | East-west Center, |
| Date of publication, distribution, etc. | 1981 |
| 300 ## - PHYSICAL DESCRIPTION | |
| Extent | ix, 103p. |
No items available.